Ведомости о погашенных крестьянами выкупных ссудах Кинешемского уезда Костромской губернии

Доступно только в Электронных читальных залах Найти на картеНа карте
RUSMARC
00003480nmc2a2200000 x 450
001e994e7cc-ad2f-428e-9f84-5aea7074ef91
00520160106142702.0
100##$a20150320l18611895k l0rusy0189 ca
1010#$arus
102##$aRU
2001#$aВедомости о погашенных крестьянами выкупных ссудах Кинешемского уезда Костромской губернии
$j[1861-1895] гг.
251##$cДело
300##$aИмеет отношение к делу № 2149
801#0$aRU
$bРГИА
$c20150320
$gRCR
801#1$aRU
$bГлавНИВЦ
$c20150320
$2rusmarc
801#2$aRU
$bПБ им. Б.Н. Ельцина
$c20160106
$gRCR
$2rusmarc
850##$aРГИА
852##$aРГИА
$eФедеральное казенное учреждение "Российский государственный исторический архив" (РГИА)
$j2150
937##$hРГИА
$d11238012
$aASBIBLIO_SCAN
462#0$10013826a62a-52d3-408e-b545-2019664385f0
$12001
$a1861-1895 гг.
$1251
$cОпись
$1852
$j50
461#0$10018ef30ad5-ff5c-4840-a721-74c62a200f95
$12001
$aГлавное выкупное учреждение Министерства финансов
$1251
$cФонд
$1852
$j577
215##$a3 л.
$d36,5х26 см
371##$aДокумент не является опубликованным и широко распространяемым
105##$ay###
1222#$ad
035##$ae994e7cc-ad2f-428e-9f84-5aea7074ef91
Формат отображения